[Event "Laoag City op"]
[Site "Laoag City"]
[Date "2023.12.22"]
[Round "8"]
[White "Rapanot, Alfredo"]
[Black "Nouri, Hamed"]
[Result "1/2-1/2"]
[WhiteElo "2090"]
[BlackElo "2303"]
[PlyCount "47"]
[EventDate "2023.12.19"]
[EventType "swiss"]
[EventRounds "9"]
[EventCountry "PHI"]
[SourceTitle "CB16_2024"]
[SourceDate "2024.04.17"]
[SourceVersion "1"]
[SourceVersionDate "2024.04.17"]
[SourceQuality "1"]

1. Nf3 g6 2. e4 c5 3. c4 Nc6 4. d4 cxd4 5. Nxd4 Bg7 6. Be3 d6 7. Nc3 Nf6 8. Be2 0-0 9. 0-0 a5 10. h3 a4 11. Qd2 Qa5 12. Rad1 Qd8 13. Qc2 Qa5 14. Qd2 Qd8 15. Nf3 Qa5 16. a3 Nd7 17. Nd4 Nc5 18. Ndb5 Bxc3 19. Nxc3 Be6 20. f4 f6 21. Qe1 Qb6 22. Nb5 Bf7 23. f5 Ne5 24. Qc3 1/2-1/2

[Event "Laoag City op"]
[Site "Laoag City"]
[Date "2023.12.21"]
[Round "6"]
[White "Criste, Jaime"]
[Black "Nouri, Hamed"]
[Result "0-1"]
[WhiteElo "1656"]
[BlackElo "2303"]
[PlyCount "94"]
[EventDate "2023.12.19"]
[EventType "swiss"]
[EventRounds "9"]
[EventCountry "PHI"]
[SourceTitle "CB16_2024"]
[SourceDate "2024.04.17"]
[SourceVersion "1"]
[SourceVersionDate "2024.04.17"]
[SourceQuality "1"]

1. Nf3 c5 2. c3 Nf6 3. d4 Qc7 4. Bg5 Ne4 5. e3 Nxg5 6. Nxg5 h6 7. Nf3 d5 8. Bd3 Nc6 9. Nbd2 Qb6 10. Rb1 g6 11. 0-0 Bg7 12. a3 0-0 13. b4 cxd4 14. cxd4 a6 15. Nb3 Rd8 16. h3 Qc7 17. Rc1 Qd6 18. Nc5 e5 19. dxe5 Nxe5 20. Nxe5 Qxe5 21. Nb3 Qb2 22. a4 Qa3 23. Nd4 Qxb4 24. Rb1 Qc5 25. Be2 Qa5 26. Bg4 f5 27. Bf3 Rd6 28. g3 Kh8 29. h4 Qd8 30. Qd2 b6 31. Rfc1 Bd7 32. Qb4 Bf8 33. Qc3 Bg7 34. Qb4 Bf8 35. Qc3 Qf6 36. Qb3 Rd8 37. Rc7 f4 38. gxf4 Qxh4 39. Rb7 g5 40. fxg5 Qxg5+ 41. Kf1 b5 42. axb5 axb5 43. Ke2 Bg7 44. Qb4 Ra6 45. Rb2 Bg4 46. Rxg7 Bxf3+ 47. Nxf3 Qxg7 0-1

[Event "Penang op 11th"]
[Site "Penang"]
[Date "2019.12.09"]
[Round "1"]
[White "Kunnavakkam, Sudarshanagopal Vin"]
[Black "Nouri, Hamed"]
[Result "0-1"]
[WhiteElo "1896"]
[BlackElo "2323"]
[PlyCount "68"]
[EventDate "2019.12.09"]
[EventType "swiss"]
[EventRounds "9"]
[EventCountry "MAS"]
[SourceTitle "CBM 193 Extra"]
[Source "ChessBase"]
[SourceDate "2020.01.31"]
[SourceVersion "1"]
[SourceVersionDate "2020.01.31"]
[SourceQuality "1"]

1. e4 c5 2. d4 cxd4 3. c3 dxc3 4. Nxc3 Nc6 5. Bc4 d6 6. Nf3 a6 7. 0-0 Nf6 8. h3 e6 9. Qe2 Be7 10. Rd1 Qc7 11. Bf4 Ne5 12. Nxe5 dxe5 13. Be3 b5 14. Bb3 0-0 15. Bg5 h6 16. Bh4 Bb7 17. Rac1 Qb8 18. a3 Ra7 19. Bg3 Ba8 20. Kh1 Rc8 21. Rc2 Rd7 22. Rdc1 Rcd8 23. Qe3 Nh5 24. Qf3 g6 25. Bh2 Bg5 26. Rd1 Rxd1+ 27. Nxd1 Bxe4 28. Qxe4 Rxd1+ 29. Bg1 Kg7 30. Rc5 Ra1 31. Bc2 Bf4 32. g4 Nf6 33. Qe2 Qb7+ 34. f3 Re1 0-1

[Event "Johor op 6th"]
[Site "Johor"]
[Date "2019.12.06"]
[Round "7"]
[White "Nouri, Hamed"]
[Black "Farid, Firman Syah"]
[Result "1/2-1/2"]
[WhiteElo "2323"]
[BlackElo "2393"]
[PlyCount "53"]
[EventDate "2019.12.02"]
[EventType "swiss"]
[EventRounds "9"]
[EventCountry "MAS"]
[SourceTitle "CBM 193 Extra"]
[Source "ChessBase"]
[SourceDate "2020.01.31"]
[SourceVersion "1"]
[SourceVersionDate "2020.01.31"]
[SourceQuality "1"]

1. e4 c6 2. d4 d5 3. f3 e6 4. Nc3 Bb4 5. Bf4 Ne7 6. a3 Bd6 7. Bxd6 Qxd6 8. e5 Qd8 9. f4 Nf5 10. Nf3 Qb6 11. Na4 Qa5+ 12. c3 Ne3 13. b4 Qc7 14. Qd2 Nxf1 15. Rxf1 b6 16. Kf2 0-0 17. Kg1 Bd7 18. Nb2 c5 19. Rfc1 c4 20. Nd1 Nc6 21. Ne3 Ne7 22. Qc2 f5 23. a4 a5 24. b5 h6 25. Ra2 Be8 26. Rf1 Bh5 27. Qd2 1/2-1/2

[Event "Pattaya op 1st"]
[Site "Pattaya"]
[Date "2019.07.15"]
[Round "8"]
[White "Ram, S Krishnan"]
[Black "Nouri, Hamed"]
[Result "1-0"]
[WhiteElo "2192"]
[BlackElo "2331"]
[PlyCount "71"]
[EventDate "2019.07.09"]
[EventType "swiss"]
[EventRounds "9"]
[EventCountry "THA"]
[SourceTitle "EXT 2020"]
[Source "ChessBase"]
[SourceDate "2019.10.17"]
[SourceVersion "1"]
[SourceVersionDate "2019.10.17"]
[SourceQuality "1"]

1. Nf3 Nf6 2. c4 g6 3. Nc3 Bg7 4. e4 d6 5. d4 0-0 6. Be2 Nbd7 7. 0-0 e5 8. Re1 exd4 9. Nxd4 Re8 10. f3 Nh5 11. g4 Be5 12. Bf1 Nf4 13. Be3 c6 14. Nce2 Qf6 15. Qd2 Nxe2+ 16. Bxe2 Qh4 17. Bf1 h5 18. gxh5 Qxh5 19. f4 Bg7 20. Bf2 Nf6 21. Bg2 Bh3 22. Qd3 Bxg2 23. Kxg2 Re7 24. Re2 Ng4 25. Bg1 Bxd4 26. Qxd4 Nxh2 27. Re3 Qg4+ 28. Kxh2 Qxf4+ 29. Kg2 Qg4+ 30. Kf2 Qh4+ 31. Ke2 d5 32. Bf2 Qg4+ 33. Kd3 c5 34. Qxc5 Rxe4 35. Qxd5 Rf4 36. Rg1 1-0

[Event "Pattaya op 1st"]
[Site "Pattaya"]
[Date "2019.07.14"]
[Round "7"]
[White "Nouri, Hamed"]
[Black "Tsydypov, Zhamsaran"]
[Result "0-1"]
[WhiteElo "2331"]
[BlackElo "2565"]
[PlyCount "116"]
[EventDate "2019.07.09"]
[EventType "swiss"]
[EventRounds "9"]
[EventCountry "THA"]
[SourceTitle "EXT 2020"]
[Source "ChessBase"]
[SourceDate "2019.10.17"]
[SourceVersion "1"]
[SourceVersionDate "2019.10.17"]
[SourceQuality "1"]

1. e4 c6 2. Nf3 d5 3. Nc3 dxe4 4. Nxe4 Nf6 5. Nxf6+ exf6 6. d4 Bd6 7. Be2 0-0 8. 0-0 Nd7 9. Re1 Re8 10. Be3 Nf8 11. c3 Ng6 12. Qb3 Qc7 13. h3 Bf5 14. Bf1 Re7 15. c4 Rae8 16. Bd3 Bc8 17. Bd2 Rxe1+ 18. Rxe1 Rxe1+ 19. Bxe1 Nf4 20. Bf1 Be6 21. Qc2 Qd7 22. Bd2 Bf5 23. Qd1 Be4 24. Bxf4 Bxf4 25. Bd3 f5 26. b3 g6 27. Be2 Qd6 28. Ne1 Qe7 29. Nc2 Bd6 30. Bd3 Qg5 31. Bxe4 fxe4 32. Ne3 Qa5 33. Qe2 Qc3 34. d5 c5 35. g3 f5 36. Kg2 Kg7 37. Nd1 Qc1 38. Qb2+ Qxb2 39. Nxb2 Kf6 40. Na4 Ke5 41. Nc3 a6 42. Ne2 g5 43. g4 f4 44. f3 b5 45. Nc3 bxc4 46. bxc4 exf3+ 47. Kxf3 Kd4 48. Ne4 Be7 49. d6 Bd8 50. d7 Kxc4 51. Nd6+ Kd5 52. Nf7 Bf6 53. h4 gxh4 54. d8Q+ Bxd8 55. Nxd8 c4 56. Nb7 h3 57. Na5 c3 58. Nb3 c2 0-1

[Event "Pattaya op 1st"]
[Site "Pattaya"]
[Date "2019.07.10"]
[Round "2"]
[White "Hong, Ian"]
[Black "Nouri, Hamed"]
[Result "0-1"]
[WhiteElo "1311"]
[BlackElo "2331"]
[PlyCount "66"]
[EventDate "2019.07.09"]
[EventType "swiss"]
[EventRounds "9"]
[EventCountry "THA"]
[SourceTitle "EXT 2020"]
[Source "ChessBase"]
[SourceDate "2019.10.17"]
[SourceVersion "1"]
[SourceVersionDate "2019.10.17"]
[SourceQuality "1"]

1. e4 Nc6 2. d4 d5 3. exd5 Qxd5 4. Nf3 Bg4 5. Nc3 Qa5 6. Bb5 0-0-0 7. Bxc6 bxc6 8. 0-0 e5 9. Qd3 Bxf3 10. Qxf3 exd4 11. Ne2 Qd5 12. Qxd5 Rxd5 13. Rd1 Bc5 14. c4 Rd7 15. Bd2 Nf6 16. a3 Ne4 17. b4 d3 18. Nc3 Bxf2+ 19. Kf1 Nxd2+ 20. Rxd2 Be3 21. Rdd1 Re8 22. Rab1 Re6 23. g3 Rf6+ 24. Kg2 Rf2+ 25. Kh1 f5 26. Rf1 Rc2 27. Nd1 Bd4 28. h3 Re7 29. h4 Ree2 30. Nf2 Bxf2 31. Rfd1 Be3 32. Rd2 Rexd2 33. Rb2 Rd1# 0-1

[Event "Ho Chi Minh City HD Bank op 7th"]
[Site "Ho Chi Minh City"]
[Date "2017.03.16"]
[Round "8"]
[White "To, Nhat Minh"]
[Black "Nouri, Hamed"]
[Result "0-1"]
[WhiteElo "2317"]
[BlackElo "2344"]
[PlyCount "90"]
[EventDate "2017.03.12"]
[EventType "swiss"]
[EventRounds "9"]
[EventCountry "VIE"]
[SourceTitle "CBM 177 Extra"]
[Source "ChessBase"]
[SourceDate "2017.04.27"]
[SourceVersion "1"]
[SourceVersionDate "2017.04.27"]
[SourceQuality "1"]

1. e4 c5 2. Nf3 e6 3. g3 Nc6 4. Bg2 Nf6 5. Qe2 d6 6. 0-0 Be7 7. c3 0-0 8. d4 cxd4 9. cxd4 d5 10. e5 Ne4 11. Nbd2 Nxd2 12. Bxd2 Bd7 13. h4 Qb6 14. Bc3 a5 15. h5 a4 16. h6 g6 17. Rfd1 a3 18. Rab1 Qc7 19. b3 Rfc8 20. Rbc1 Qd8 21. Qe3 Rc7 22. Bf1 Rac8 23. Bd3 Nb4 24. Bb1 Bb5 25. Bd2 Nc2 26. Qf4 Be2 27. Ba5 Bxd1 28. Rxd1 Nb4 29. Kg2 Qf8 30. Bxc7 Rxc7 31. Rc1 Rc6 32. Rxc6 Nxc6 33. g4 Qd8 34. Kg3 Qb6 35. Bd3 Qb4 36. Kg2 Bd8 37. Bb1 Qc3 38. Qe3 Qb2 39. Qd3 Be7 40. Qb5 Qxb1 41. Qxb7 Qe4 42. Kg3 g5 43. Nh2 Nxd4 44. Qxe7 Ne2+ 45. Kh3 Nf4+ 0-1

[Event "Ho Chi Minh City HD Bank op 7th"]
[Site "Ho Chi Minh City"]
[Date "2017.03.13"]
[Round "3"]
[White "Vishnu, Prasanna V"]
[Black "Nouri, Hamed"]
[Result "1/2-1/2"]
[WhiteElo "2534"]
[BlackElo "2344"]
[PlyCount "67"]
[EventDate "2017.03.12"]
[EventType "swiss"]
[EventRounds "9"]
[EventCountry "VIE"]
[SourceTitle "CBM 177 Extra"]
[Source "ChessBase"]
[SourceDate "2017.04.27"]
[SourceVersion "1"]
[SourceVersionDate "2017.04.27"]
[SourceQuality "1"]

1. e4 c5 2. Nf3 Nc6 3. Bb5 Na5 4. c3 a6 5. Ba4 Nf6 6. Bc2 d6 7. d4 cxd4 8. cxd4 Bg4 9. h3 Bxf3 10. Qxf3 Nc6 11. Qd1 e5 12. d5 Nd4 13. Bd3 Be7 14. 0-0 0-0 15. Na3 Nd7 16. Be3 Rc8 17. Qd2 Nc5 18. Rac1 b5 19. Bxd4 exd4 20. Nc2 Bf6 21. Rcd1 Re8 22. Rfe1 Be5 23. Nb4 Qf6 24. Nc6 h5 25. Qe2 Qg5 26. Bc2 h4 27. b4 Ne6 28. dxe6 Rxc6 29. exf7+ Kxf7 30. Bb3+ Ke7 31. Qd2 Qxd2 32. Rxd2 Rc3 33. Red1 Rec8 34. Kf1 1/2-1/2

[Event "Ho Chi Minh City HD Bank op 7th"]
[Site "Ho Chi Minh City"]
[Date "2017.03.12"]
[Round "1"]
[White "Bogdanovich, Stanislav"]
[Black "Nouri, Hamed"]
[Result "0-1"]
[WhiteElo "2602"]
[BlackElo "2344"]
[PlyCount "80"]
[EventDate "2017.03.12"]
[EventType "swiss"]
[EventRounds "9"]
[EventCountry "VIE"]
[SourceTitle "CBM 177 Extra"]
[Source "ChessBase"]
[SourceDate "2017.04.27"]
[SourceVersion "1"]
[SourceVersionDate "2017.04.27"]
[SourceQuality "1"]

1. Nf3 Nf6 2. b4 b6 3. Bb2 Bb7 4. e3 e6 5. b5 Be7 6. Be2 a6 7. a4 axb5 8. axb5 Rxa1 9. Bxa1 d6 10. d4 Nbd7 11. 0-0 Qa8 12. Nbd2 g5 13. Ne1 g4 14. d5 Rg8 15. dxe6 fxe6 16. Bc4 Nc5 17. Nb3 Nxb3 18. Bxb3 Kd7 19. Nd3 Bxg2 20. Nf4 Bxf1 21. Bxe6+ Ke8 22. Bxf6 Bxf6 23. Qxf1 Rg7 24. Qc4 Be5 25. Nd5 Qd8 26. Kf1 h5 27. Nb4 Qa8 28. Nd5 Qd8 29. Ke2 Kf8 30. Qe4 Qg5 31. Qc4 Qd8 32. Nb4 Qf6 33. Bd5 Bxh2 34. Nd3 Re7 35. Kd2 Bg1 36. Ke2 g3 37. fxg3 Bxe3 38. Qc6 Bg5+ 39. Be4 Qd4 40. Nf2 Rf7 0-1

[Event "New Delhi Parsvnath op 15th"]
[Site "New Delhi"]
[Date "2017.01.14"]
[Round "8"]
[White "Masango, Spencer"]
[Black "Nouri, Hamed"]
[Result "1-0"]
[WhiteElo "2198"]
[BlackElo "2363"]
[PlyCount "94"]
[EventDate "2017.01.09"]
[EventType "swiss"]
[EventRounds "10"]
[EventCountry "IND"]
[SourceTitle "CBM 176 Extra"]
[Source "ChessBase"]
[SourceDate "2017.03.02"]
[SourceVersion "1"]
[SourceVersionDate "2017.03.02"]
[SourceQuality "1"]

1. Nf3 c5 2. c4 Nc6 3. Nc3 g6 4. g3 Bg7 5. Bg2 a6 6. 0-0 Rb8 7. Qa4 d6 8. Rb1 Bd7 9. d3 b5 10. cxb5 axb5 11. Qh4 h6 12. Nd5 g5 13. Qe4 e6 14. Nc3 Bd4 15. Nxd4 cxd4 16. Nxb5 Nf6 17. Qxc6 Bxc6 18. Bxc6+ Kf8 19. a4 Qc8 20. Bf3 g4 21. Bg2 Qc2 22. Nxd4 Qxa4 23. Be3 Qd7 24. Bc6 Qe7 25. b4 Kg7 26. b5 Nd7 27. Ra1 Ne5 28. Bg2 Rhc8 29. Ra6 Qc7 30. b6 Qc3 31. b7 Rd8 32. Rb1 d5 33. Rab6 Nd7 34. R6b3 Qc7 35. Rc1 Qa5 36. Nc6 Qa4 37. Rb4 Qa2 38. Rxg4+ Kh7 39. Nxd8 Rxd8 40. Rc7 Qb1+ 41. Bf1 Ne5 42. Ra4 Rd7 43. Rxd7 Nxd7 44. Ra7 Kg6 45. h4 Ne5 46. Bf4 Nc6 47. b8Q Nxb8 1-0

[Event "New Delhi Parsvnath op 15th"]
[Site "New Delhi"]
[Date "2017.01.13"]
[Round "7"]
[White "Nouri, Hamed"]
[Black "Gireman, Ja"]
[Result "1/2-1/2"]
[WhiteElo "2363"]
[BlackElo "2199"]
[PlyCount "78"]
[EventDate "2017.01.09"]
[EventType "swiss"]
[EventRounds "10"]
[EventCountry "IND"]
[SourceTitle "CBM 176 Extra"]
[Source "ChessBase"]
[SourceDate "2017.03.02"]
[SourceVersion "1"]
[SourceVersionDate "2017.03.02"]
[SourceQuality "1"]

1. d4 Nf6 2. Bg5 g6 3. Bxf6 exf6 4. e3 Bg7 5. Ne2 c5 6. dxc5 0-0 7. g3 Na6 8. Bg2 Nxc5 9. Nbc3 Re8 10. Qd6 Bf8 11. Qd4 d6 12. 0-0-0 a5 13. Rd2 Bd7 14. Rhd1 Rc8 15. Qf4 b5 16. Nd5 f5 17. Qh4 g5 18. Qh5 Bg7 19. h4 g4 20. Qg5 f6 21. Qf4 Re5 22. Qd4 Bc6 23. Nef4 Ba8 24. Kb1 b4 25. Qc4 Kh8 26. Qf1 Qe8 27. Nb6 Bxg2 28. Qxg2 Rb8 29. Rxd6 Ne4 30. Rd7 Rb5 31. Na4 R5b7 32. Rxb7 Rxb7 33. b3 Rd7 34. Rd3 Bf8 35. Kc1 Qe5 36. Kb1 Nd2+ 37. Kc1 Ne4 38. Kb1 Nd2+ 39. Kc1 Ne4 1/2-1/2

[Event "New Delhi Parsvnath op 15th"]
[Site "New Delhi"]
[Date "2017.01.12"]
[Round "6"]
[White "Dodeja, Pawan"]
[Black "Nouri, Hamed"]
[Result "1/2-1/2"]
[WhiteElo "2189"]
[BlackElo "2363"]
[PlyCount "58"]
[EventDate "2017.01.09"]
[EventType "swiss"]
[EventRounds "10"]
[EventCountry "IND"]
[SourceTitle "CBM 176 Extra"]
[Source "ChessBase"]
[SourceDate "2017.03.02"]
[SourceVersion "1"]
[SourceVersionDate "2017.03.02"]
[SourceQuality "1"]

1. e4 d5 2. exd5 Qxd5 3. Nc3 Qd6 4. d4 Nf6 5. Nf3 c6 6. g3 Bg4 7. Bg2 Nbd7 8. 0-0 e6 9. a3 Qc7 10. Re1 Be7 11. h3 Bxf3 12. Qxf3 0-0 13. Ne4 Qb6 14. c3 Nxe4 15. Qxe4 a5 16. a4 Rfd8 17. h4 Nf6 18. Qe2 Nd5 19. Rd1 Rd7 20. Be4 Rad8 21. Bc2 c5 22. Qb5 Qa7 23. Qd3 g6 24. Qf3 h5 25. Bd3 Nc7 26. Be3 Nd5 27. Bc1 Nc7 28. Be3 Nd5 29. Bc1 Nc7 1/2-1/2

[Event "New Delhi Parsvnath op 15th"]
[Site "New Delhi"]
[Date "2017.01.10"]
[Round "3"]
[White "Nouri, Hamed"]
[Black "Swayams, Mishra"]
[Result "1/2-1/2"]
[WhiteElo "2363"]
[BlackElo "2491"]
[PlyCount "59"]
[EventDate "2017.01.09"]
[EventType "swiss"]
[EventRounds "10"]
[EventCountry "IND"]
[SourceTitle "CBM 176 Extra"]
[Source "ChessBase"]
[SourceDate "2017.03.02"]
[SourceVersion "1"]
[SourceVersionDate "2017.03.02"]
[SourceQuality "1"]

1. d4 e6 2. Nf3 Nf6 3. e3 b6 4. Bd3 Bb7 5. Nbd2 c5 6. 0-0 d5 7. c3 Bd6 8. Qe2 0-0 9. e4 dxe4 10. Nxe4 Nxe4 11. Bxe4 Bxe4 12. Qxe4 Nd7 13. Bg5 Qc7 14. Rad1 Rae8 15. dxc5 Nxc5 16. Qd4 Nb7 17. Qh4 f6 18. Be3 e5 19. Nd2 Rd8 20. Qa4 Bc5 21. Nc4 Qf7 22. b3 Bxe3 23. Nxe3 Nc5 24. Qc6 Nd3 25. Nf5 Nf4 26. Qf3 Qe6 27. Ne3 Nd3 28. Nf5 Nf4 29. Ne3 Nd3 30. Nf5 1/2-1/2

[Event "Subic Bay Puregold op-A"]
[Site "Subic Bay"]
[Date "2016.12.15"]
[Round "4"]
[White "Lei, Tingjie"]
[Black "Nouri, Hamed"]
[Result "1-0"]
[WhiteElo "2468"]
[BlackElo "2363"]
[PlyCount "93"]
[EventDate "2016.12.13"]
[EventType "swiss"]
[EventRounds "9"]
[EventCountry "PHI"]
[SourceTitle "CBM 176 Extra"]
[Source "ChessBase"]
[SourceDate "2017.03.02"]
[SourceVersion "1"]
[SourceVersionDate "2017.03.02"]
[SourceQuality "1"]

1. d4 Nf6 2. c4 c5 3. d5 g6 4. Nc3 Bg7 5. e4 d6 6. h3 0-0 7. Nf3 e6 8. Bd3 exd5 9. cxd5 a6 10. a4 Re8 11. 0-0 Nbd7 12. Re1 Qe7 13. Be3 h6 14. Nd2 Ne5 15. Nc4 Nxc4 16. Bxc4 Bd7 17. Bd2 Qe5 18. Bf1 Rab8 19. Qc1 g5 20. f4 Qd4+ 21. Be3 Qb4 22. e5 Nh5 23. e6 gxf4 24. Bf2 fxe6 25. Re4 Qb6 26. dxe6 Bc6 27. Re1 Qd8 28. Qd1 Qg5 29. Qxd6 Bxg2 30. Qxc5 Qg6 31. Kh2 Bc6 32. Nd5 Kh8 33. Ra3 Rxe6 34. Ne7 Rxe7 35. Rxe7 Rd8 36. Qc1 Qg5 37. Qe1 Bf6 38. Rc7 Rg8 39. Rxc6 bxc6 40. Rc3 Be5 41. Rc5 Re8 42. Rxe5 Rxe5 43. Bd4 Kg8 44. Bxe5 Ng3 45. Bc4+ Kh7 46. Bd3+ Kg8 47. Bxf4 1-0

[Event "Subic Bay Puregold op-A"]
[Site "Subic Bay"]
[Date "2016.12.14"]
[Round "2"]
[White "Tran, Tuan Minh"]
[Black "Nouri, Hamed"]
[Result "1/2-1/2"]
[WhiteElo "2478"]
[BlackElo "2363"]
[PlyCount "78"]
[EventDate "2016.12.13"]
[EventType "swiss"]
[EventRounds "9"]
[EventCountry "PHI"]
[SourceTitle "CBM 176 Extra"]
[Source "ChessBase"]
[SourceDate "2017.03.02"]
[SourceVersion "1"]
[SourceVersionDate "2017.03.02"]
[SourceQuality "1"]

1. Nf3 Nf6 2. d4 c5 3. d5 g6 4. Nc3 Bg7 5. e4 d6 6. Be2 0-0 7. 0-0 Na6 8. h3 Nc7 9. a4 a6 10. a5 Nb5 11. Nxb5 axb5 12. Bxb5 Rxa5 13. Rxa5 Qxa5 14. Qe2 Nxe4 15. Qxe4 Qxb5 16. Qxe7 Qd7 17. Re1 b5 18. Bf4 Qxe7 19. Rxe7 Rd8 20. Ng5 Bf5 21. Nxf7 Rd7 22. Rxd7 Bxd7 23. Nxd6 Bxb2 24. Ne4 c4 25. Nc5 Bf5 26. d6 Bf6 27. d7 b4 28. Bd2 c3 29. Be1 Kf7 30. Na6 Bxd7 31. Nxb4 Ba4 32. Kf1 Bb5+ 33. Kg1 Ba4 34. f3 Be7 35. Nd5 Bxc2 36. Bxc3 Bb3 37. Nf4 Bc5+ 38. Kf1 Bc4+ 39. Ke1 Ba6 1/2-1/2

[Event "PHI-ch"]
[Site "Manila"]
[Date "2016.06.20"]
[Round "1"]
[White "Nouri, Hamed"]
[Black "Gomez, John Paul"]
[Result "1/2-1/2"]
[WhiteElo "2327"]
[BlackElo "2495"]
[PlyCount "28"]
[EventDate "2016.06.20"]
[EventType "tourn"]
[EventRounds "13"]
[EventCountry "PHI"]
[SourceTitle "CBM 173 Extra"]
[Source "ChessBase"]
[SourceDate "2016.08.29"]
[SourceVersion "1"]
[SourceVersionDate "2016.08.29"]
[SourceQuality "1"]

1. e4 e6 2. d4 d5 3. Nd2 Nf6 4. e5 Nfd7 5. c3 c5 6. f4 Nc6 7. Ndf3 a5 8. a4 Be7 9. Nh3 Qb6 10. Bb5 Na7 11. Bd3 Nc6 12. Bb5 Na7 13. Bd3 Nc6 14. Bb5 Na7 1/2-1/2

[Event "Yangon op"]
[Site "Yangon"]
[Date "2015.11.27"]
[Round "9"]
[White "Wynn, Zaw Htung"]
[Black "Nouri, Hamed"]
[Result "1-0"]
[WhiteElo "2414"]
[BlackElo "2330"]
[PlyCount "45"]
[EventDate "2015.11.23"]
[EventType "swiss"]
[EventRounds "9"]
[EventCountry "MYA"]
[SourceTitle "CBM 169 Extra"]
[Source "ChessBase"]
[SourceDate "2015.12.18"]
[SourceVersion "1"]
[SourceVersionDate "2015.12.18"]
[SourceQuality "1"]

1. Nf3 d5 2. e3 Bg4 3. h3 Bxf3 4. Qxf3 c6 5. b3 Nd7 6. Bb2 a5 7. a3 e5 8. d3 Ngf6 9. Nd2 Bc5 10. g3 Qb6 11. Bg2 0-0 12. 0-0 Rae8 13. Qe2 Re7 14. Rfd1 Rd8 15. Rab1 Qa7 16. c3 b5 17. b4 Bd6 18. e4 d4 19. cxd4 axb4 20. axb4 exd4 21. Nb3 Bxb4 22. Nxd4 Ne5 23. Nf5 1-0

[Event "Yangon op"]
[Site "Yangon"]
[Date "2015.11.25"]
[Round "6"]
[White "Nouri, Hamed"]
[Black "Naing, Myo Lin"]
[Result "1/2-1/2"]
[WhiteElo "2330"]
[BlackElo "1937"]
[PlyCount "68"]
[EventDate "2015.11.23"]
[EventType "swiss"]
[EventRounds "9"]
[EventCountry "MYA"]
[SourceTitle "CBM 169 Extra"]
[Source "ChessBase"]
[SourceDate "2015.12.18"]
[SourceVersion "1"]
[SourceVersionDate "2015.12.18"]
[SourceQuality "1"]

1. e4 c5 2. Nf3 d6 3. Bb5+ Bd7 4. Bxd7+ Nxd7 5. 0-0 Ngf6 6. Re1 e5 7. c3 Be7 8. d4 0-0 9. dxe5 dxe5 10. Bg5 Qc7 11. a4 Rad8 12. Qe2 Rfe8 13. Na3 Nf8 14. Bxf6 Bxf6 15. Nc4 Ng6 16. g3 Ne7 17. Red1 g6 18. h4 h5 19. Rxd8 Rxd8 20. Rd1 Rxd1+ 21. Qxd1 b6 22. Qd3 Kf8 23. b3 Bg7 24. Ne3 Ke8 25. Nc4 Qd7 26. Nd6+ Kf8 27. Ng5 f6 28. Qc4 Nc6 29. Ne6+ Ke7 30. Nxg7 Kxd6 31. Qg8 Ke7 32. Qh7 Kf8 33. Qh8+ Kf7 34. Qh7 Kf8 1/2-1/2

[Event "Yangon op"]
[Site "Yangon"]
[Date "2015.11.24"]
[Round "3"]
[White "Win, Aung"]
[Black "Nouri, Hamed"]
[Result "0-1"]
[WhiteElo "2217"]
[BlackElo "2330"]
[PlyCount "76"]
[EventDate "2015.11.23"]
[EventType "swiss"]
[EventRounds "9"]
[EventCountry "MYA"]
[SourceTitle "CBM 169 Extra"]
[Source "ChessBase"]
[SourceDate "2015.12.18"]
[SourceVersion "1"]
[SourceVersionDate "2015.12.18"]
[SourceQuality "1"]

1. Nf3 c5 2. c4 Nc6 3. Nc3 g6 4. e3 Bg7 5. d4 Nf6 6. d5 Na5 7. e4 d6 8. h3 0-0 9. Be3 a6 10. Nd2 Bd7 11. Bd3 Qc7 12. Qc2 b5 13. Rb1 Nxc4 14. Nxc4 bxc4 15. Bxc4 Rfb8 16. a4 Be8 17. 0-0 Nd7 18. b3 Rb7 19. f4 Qb6 20. Ne2 Qc7 21. Bd2 Nb6 22. Ba5 Qc8 23. Rfc1 Nxc4 24. Qxc4 Bb5 25. Qc2 Bxe2 26. Qxe2 e6 27. Qc4 e5 28. fxe5 Bxe5 29. b4 Qb8 30. Rb3 cxb4 31. Rxb4 Qa7+ 32. Kh1 Rxb4 33. Bxb4 Qe3 34. Be1 Rb8 35. Rd1 Qf4 36. Kg1 Rb2 37. Qc8+ Kg7 38. Qg4 Qh2+ 0-1

[Event "Yangon op"]
[Site "Yangon"]
[Date "2015.11.23"]
[Round "2"]
[White "Nouri, Hamed"]
[Black "Htay, Min Lwin"]
[Result "1-0"]
[WhiteElo "2330"]
[BlackElo "2160"]
[PlyCount "59"]
[EventDate "2015.11.23"]
[EventType "swiss"]
[EventRounds "9"]
[EventCountry "MYA"]
[SourceTitle "CBM 169 Extra"]
[Source "ChessBase"]
[SourceDate "2015.12.18"]
[SourceVersion "1"]
[SourceVersionDate "2015.12.18"]
[SourceQuality "1"]

1. e4 d6 2. d4 Nf6 3. Nc3 g6 4. Bg5 Bg7 5. f4 c6 6. Qd2 h6 7. Bh4 b5 8. Bd3 b4 9. Nce2 Qb6 10. Nf3 Ba6 11. Bxf6 Bxf6 12. e5 Bg7 13. e6 Bxd3 14. Qxd3 Qb5 15. exf7+ Kxf7 16. Qe3 Na6 17. 0-0 Bf6 18. Ng3 Nc7 19. Rae1 Rae8 20. c3 a5 21. h4 Qd5 22. f5 c5 23. fxg6+ Kxg6 24. Qd3+ Kg7 25. Nf5+ Kf8 26. c4 Qg8 27. dxc5 Ne6 28. Qe3 Nxc5 29. Nxd6 Rd8 30. Ng5 1-0